00383nam a22001217a 4500008004100000020001500041050002100056245007700077250001200154260004200166300001700208650003600225220927b |||||||| |||| 00| 0 eng d a0470023848 aRC660b.P79 2005 aPsychology in diabetes care/cEdited by Frank J. Snoek & T. chas Skinner a2nd ed. aEnglandbJohn Wiley & Sons, Ltdc2005 axviii, 205p. aDiabetesvPsychological aspects